| 000 | 00240nam a22000857a 4500 | ||
|---|---|---|---|
| 999 |
_c23624 _d23624 |
||
| 003 | Nust | ||
| 005 | 20170526165357.0 | ||
| 008 | 131220b xxu||||| |||| 00| 0 eng d | ||
| 020 | _cAvailable | ||
| 040 |
_aDLC _bDLC _cRCMS |
||
| 082 | _a070.319 SHE | ||
| 100 |
_aMughees uddin shikh _91480 |
||
| 245 |
_aABC of Radio Journalism _cMughees uddin shikh |
||
| 260 |
_aLahore _bIlmi Kitab Khana _cc2008 |
||
| 300 |
_a80 p. ; _bill: _c24,cm. |
||
| 538 | _iShelf # 13, Row # 3, Fiction. | ||
| 650 |
_aRadio Journalism. _91481 |
||
| 856 | _3Table of Content Only | ||
| 942 |
_2ddc _cFIC |
||